| 000 | 00568nam a2200181 i 4500 | ||
|---|---|---|---|
| 001 | 87351 | ||
| 003 | ES-MaACL | ||
| 005 | 20230906175644.0 | ||
| 007 | t| | ||
| 008 | 041221s1912 fr ||||1| fre d | ||
| 100 | 1 |
_aKrause, Rudolf. _968765 |
|
| 245 | 1 | 0 |
_aCours d'Histologie normale / _cpar Rodolphe Krause ; adaptación française par Remy Collin ; préface par Pol Bouin. |
| 260 |
_aParis : _bE. L. Francois, _c1912. |
||
| 300 |
_aVIII, 468 p. : _bil. ; _c25 cm. |
||
| 700 | 1 |
_aCollin, Remy. _939717 |
|
| 700 | 1 |
_aBouin, Pol. _930889 |
|
| 852 |
_aES-MaACL _jB-10838 |
||
| 999 |
_c87351 _d87351 |
||